| 000 | 01014cam a22002654a 4500 | ||
|---|---|---|---|
| 999 |
_c459 _d459 |
||
| 001 | 4769 | ||
| 003 | BD-DhUAP | ||
| 005 | 20200122143941.0 | ||
| 008 | 200122s2001 dcua b i001 0 eng | ||
| 020 | _a0821348221 | ||
| 040 |
_aDLC _cDLC _dBD-DhUAP _bEng |
||
| 082 | 0 | 0 |
_223 _a331.2520973 NEW |
| 245 | 0 | 0 |
_aNew ideas about old age security : _btoward sustainable pension systems in the 21st century / _cedited by Robert Holzmann ... [et al.]. |
| 260 |
_aWashington, DC : _bWorld Bank, _cc2001. |
||
| 300 |
_axviii, 493 pages : _billustrations ; _c23 cm. |
||
| 504 | _aIncludes bibliographical references and index. | ||
| 650 | 0 | _aOld age pensions. | |
| 650 | 0 | _aRetirement income. | |
| 650 | 0 |
_aOlder people _xEconomic conditions. |
|
| 650 | 0 | _aOld age assistance. | |
| 650 | 0 | _aEconomic security. | |
| 700 | 1 | _aHolzmann, Robert. | |
| 942 |
_2ddc _cBK |
||